| 000 | 01595cam a22003375a 4500 | ||
|---|---|---|---|
| 001 | 16026173 | ||
| 005 | 20100727135508.0 | ||
| 008 | 091217s2010 inu | 00| 0 eng d | ||
| 010 | _a 2009943638 | ||
| 020 | _a0470565527 (pbk.) | ||
| 020 | _a9780470565520 (pbk.) | ||
| 040 |
_aDLC _cDLC |
||
| 082 |
_222 _a005.1 _bMEI |
||
| 100 | 1 |
_aMeier, Reto. _927547 |
|
| 245 | 1 | 0 |
_aProfessional Android 2 Application Development / _cReto Meier ; [technical editor] Milan Narendra Ahah. |
| 260 |
_aIndianapolis, IN : _bWiley Pub., Inc., _cc2010. |
||
| 263 | _a1002 | ||
| 300 |
_axxxi, 543p.: _bill.; _c24 cm. |
||
| 490 |
_aWrox programmer to programmer _927548 |
||
| 500 | _aincludes index. | ||
| 650 |
_aAndroid (Electronic resource) _927549 |
||
| 650 |
_913029 _aApplication software -- Development. |
||
| 653 |
_bCS _cOctober2011 |
||
| 700 | 1 |
_aAhah, Milan Narendra _eTechnical editor _927550 |
|
| 942 |
_2ddc _cBB |
||
| 999 |
_c16147 _d16147 |
||